[Event "25th Hoogeveen op"]
[Site "Hoogeveen NED"]
[Date "2022.10.19"]
[Round "5.10"]
[White "Fuhrmann, Bahne"]
[Black "Ernst, Sipke"]
[Result "0-1"]
[WhiteElo "2063"]
[BlackElo "2532"]
[EventDate "2022.10.15"]
[PlyCount "92"]

1.d4 e6 2.c4 b6 3.a3 Bb7 4.Nc3 Nf6 5.d5 Bd6 6.Nf3 exd5 7.cxd5 O-O 8.e3 c6 
9.Bd3 Nxd5 10.h4 h6 11.Nxd5 cxd5 12.Bc2 Qe7 13.Nd4 Rc8 14.Bd2 Be5 15.Bc3 
Ba6 16.Qg4 Nc6 17.O-O-O Qf6 18.Rh3 Nxd4 19.exd4 Qf4+ 20.Qxf4 Bxf4+ 21.Bd2 
Bxd2+ 22.Rxd2 Re8 23.Kd1 Bf1 24.Rg3 Re7 25.Bd3 Bxd3 26.Rgxd3 Re4 27.g3 Rc8
28.f3 Re6 29.Rb3 Rc7 30.Rdd3 Kf8 31.Rb5 Rd6 32.Kd2 Rc4 33.Rbb3 h5 34.Ke3 
Rg6 35.Rb5 Rd6 36.Kf4 Ke7 37.Ke5 f6+ 38.Kf4 a6 39.Rb4 Re6 40.Rbb3 b5 41.
Rbc3 Rec6 42.Ke3 Kf7 43.Kd2 g5 44.hxg5 fxg5 45.Rxc4 dxc4 46.Re3 Re6 0-1

[Event "25th Hoogeveen op"]
[Site "Hoogeveen NED"]
[Date "2022.10.19"]
[Round "5.11"]
[White "De Winter, Arthur"]
[Black "Slagboom, Leandro"]
[Result "1-0"]
[WhiteElo "2390"]
[BlackElo "2117"]
[EventDate "2022.10.15"]
[PlyCount "109"]

1.e4 c5 2.Nf3 d6 3.d4 cxd4 4.Nxd4 Nf6 5.Nc3 a6 6.h3 e6 7.g4 Be7 8.g5 Nfd7 
9.Be3 b5 10.a3 Bb7 11.Qd2 O-O 12.O-O-O Nc6 13.h4 Rb8 14.Rg1 b4 15.axb4 
Nxb4 16.Nb3 Qc7 17.f4 Rfc8 18.Kb1 a5 19.Nd4 a4 20.f5 Qa5 21.fxe6 fxe6 22.
Bh3 Nc5 23.Nxe6 Nxe4 24.Qd4 Qe5 25.Qxe5 dxe5 26.Nxa4 Nxc2 27.Ba7 Ra8 28.
Nb6 Rxa7 29.Nxc8 Bxc8 30.Rc1 Ra6 31.Nc5 Bxc5 32.Bxc8 Bxg1 33.Bxa6 Nb4 34.
Bc4+ Kf8 35.Rxg1 Nd2+ 36.Ka1 Nxc4 37.Rg4 Nc2+ 38.Ka2 N4e3 39.Re4 Kf7 40.
Rxe5 Ng4 41.Re4 Nce3 42.b4 h5 43.gxh6 gxh6 44.b5 Nd5 45.Rxg4 Nc3+ 46.Kb3 
Nxb5 47.h5 Nc7 48.Kc4 Ne6 49.Re4 Ng7 50.Re5 Kf6 51.Kd5 Kf7 52.Ke4 Kf6 53.
Ra5 Ne6 54.Ra6 Kf7 55.Ke5 1-0

[Event "25th Hoogeveen op"]
[Site "Hoogeveen NED"]
[Date "2022.10.19"]
[Round "5.12"]
[White "Kulkarni, Bhakti"]
[Black "Kotyk, Michael"]
[Result "1-0"]
[WhiteElo "2376"]
[BlackElo "2105"]
[EventDate "2022.10.15"]
[PlyCount "113"]

1.d4 d5 2.c4 e6 3.Nc3 Nf6 4.cxd5 exd5 5.Bg5 c6 6.Qc2 Be7 7.e3 Nbd7 8.Bd3 
O-O 9.Nge2 Re8 10.O-O Nf8 11.Kh1 Ng6 12.Rae1 Nh5 13.Bxe7 Qxe7 14.Nd1 Qg5 
15.f3 a5 16.Nec3 Bd7 17.Na4 Rad8 18.Nb6 Qe7 19.Nxd7 Rxd7 20.g4 Nf6 21.g5 
Nh5 22.f4 Nhxf4 23.exf4 Qxe1 24.Rxe1 Rxe1+ 25.Kg2 Nxf4+ 26.Kf2 Rde7 27.
Bxh7+ Kh8 28.Bd3 Nh3+ 29.Kg2 Nxg5 30.Qf2 Rxd1 31.Qh4+ Kg8 32.Qxg5 Rde1 33.
Qd2 b6 34.Qf4 b5 35.Qd6 R1e6 36.Qd8+ Re8 37.Qxa5 g6 38.b3 Re1 39.Qc3 R8e3 
40.Qc2 Ra1 41.Bxg6 Ree1 42.Bd3 Rac1 43.Qd2 Rcd1 44.Qf2 Kf8 45.a4 bxa4 46.
bxa4 Re6 47.Qc2 Ra1 48.h3 Kg7 49.Kh2 Ra3 50.h4 Re3 51.Bf5 Kf6 52.Bg4 Kg7 
53.Qg2 Kf8 54.Qf2 Kg7 55.h5 f5 56.Bxf5 Kf6 57.Bd3+ 1-0

[Event "25th Hoogeveen op"]
[Site "Hoogeveen NED"]
[Date "2022.10.19"]
[Round "5.13"]
[White "Holinka, Henning"]
[Black "Labruyere, Roger"]
[Result "1-0"]
[WhiteElo "2245"]
[BlackElo "2063"]
[EventDate "2022.10.15"]
[PlyCount "49"]

1.e4 c6 2.Nc3 d5 3.d4 dxe4 4.Nxe4 Nd7 5.Ng5 Ngf6 6.Bc4 e6 7.Qe2 Nb6 8.Bb3 
Qxd4 9.N1f3 Qd8 10.Ne5 Rg8 11.Nexf7 Qe7 12.Bf4 Qb4+ 13.Bd2 Qb5 14.c4 Qf5 
15.O-O-O Be7 16.Ne5 Nbd7 17.f4 Nxe5 18.fxe5 Nd7 19.Qh5+ g6 20.Qxh7 Bxg5 
21.Qxg8+ Nf8 22.Rhf1 Bxd2+ 23.Kxd2 Qg5+ 24.Kc2 Qe7 25.Rxf8+ 1-0

[Event "25th Hoogeveen op"]
[Site "Hoogeveen NED"]
[Date "2022.10.19"]
[Round "5.14"]
[White "Van der Hagen, Loek"]
[Black "Duchene, Rene"]
[Result "0-1"]
[WhiteElo "2079"]
[BlackElo "2170"]
[EventDate "2022.10.15"]
[PlyCount "106"]

1.e4 c5 2.Nf3 g6 3.d4 cxd4 4.Nxd4 Nc6 5.c4 Bg7 6.Be3 Nf6 7.Nc3 O-O 8.Be2 
d6 9.O-O Bd7 10.Rc1 Nxd4 11.Bxd4 Bc6 12.Qd3 a5 13.b3 Nd7 14.Bxg7 Kxg7 15.
Rfd1 Qb6 16.Rb1 Qb4 17.h4 h5 18.Qe3 Qc5 19.Qg5 Qe5 20.Qxe5+ Nxe5 21.a3 Nd7
22.f3 f5 23.exf5 Rxf5 24.Bd3 Rf6 25.Kh2 Ne5 26.Be4 a4 27.Bxc6 bxc6 28.Nxa4
Nxc4 29.Rbc1 Ne5 30.Ra1 Rff8 31.Nc3 Rfb8 32.Rdb1 c5 33.Kg3 Nc6 34.Ra2 Ra7 
35.a4 Nd4 36.Ra3 Kf7 37.Kf2 Rab7 38.a5 Ra7 39.g4 Rba8 40.gxh5 gxh5 41.Ne2 
Nxe2 42.Kxe2 Rxa5 43.Rxa5 Rxa5 44.Kd3 Rb5 45.Ke4 Rb4+ 46.Kf5 Rxh4 47.Kg5 
Rb4 48.Kxh5 c4 49.Kg4 cxb3+ 50.Kg3 b2 51.Kf2 Rb3 52.Ke2 Kf6 53.Kd2 Rxf3 
0-1

[Event "25th Hoogeveen op"]
[Site "Hoogeveen NED"]
[Date "2022.10.19"]
[Round "5.15"]
[White "Vogel, Jaap"]
[Black "Brouwer, Tim"]
[Result "1-0"]
[WhiteElo "2124"]
[BlackElo "1443"]
[EventDate "2022.10.15"]
[PlyCount "63"]

1.d4 d5 2.Nf3 Nf6 3.g3 c5 4.c3 e6 5.Bg2 Nc6 6.O-O Bd6 7.Bg5 h6 8.Bxf6 Qxf6
9.dxc5 Bxc5 10.Nbd2 O-O 11.e4 Ne7 12.Qe2 Bd7 13.Nb3 Bb6 14.exd5 Nxd5 15.
Ne5 Rfd8 16.c4 Nb4 17.Bxb7 Rab8 18.Bg2 Bc7 19.Nxd7 Rxd7 20.Nc5 Rd6 21.a3 
Nc6 22.Bxc6 Rxc6 23.b4 Rd8 24.Rad1 a5 25.Rxd8+ Qxd8 26.Rd1 Rd6 27.Rxd6 
Qxd6 28.Qe4 axb4 29.axb4 Bb6 30.Nd3 Kf8 31.c5 f5 32.Qf3 1-0

[Event "25th Hoogeveen op"]
[Site "Hoogeveen NED"]
[Date "2022.10.19"]
[Round "5.16"]
[White "Markus, John Raymond"]
[Black "Shakhverdian, William"]
[Result "1-0"]
[WhiteElo "2059"]
[BlackElo "2123"]
[EventDate "2022.10.15"]
[PlyCount "103"]

1.d4 d5 2.Nf3 Nf6 3.Bf4 c5 4.e3 Nc6 5.c3 Qb6 6.Qc1 Bf5 7.Nbd2 h6 8.h3 Rc8 
9.Be2 e6 10.O-O Be7 11.a3 c4 12.Ne5 Nxe5 13.Bxe5 Nd7 14.e4 Bxe4 15.Bxg7 
Rg8 16.Nxe4 Rxg7 17.Qxh6 Rg6 18.Qh8+ Bf8 19.Ng3 Rh6 20.Qg8 Rg6 21.Qh7 Rh6 
22.Qc2 Bd6 23.Qd2 Rh8 24.Nh5 Kd8 25.f4 Kc7 26.Kh1 Kb8 27.f5 Rh7 28.fxe6 
fxe6 29.Bg4 Bc7 30.Rae1 Qd6 31.Nf4 Re8 32.Bxe6 Nf6 33.Bf5 Rxe1 34.Qxe1 Re7
35.Qh4 a6 36.Qh6 Ka7 37.g4 Ne4 38.Qxd6 Bxd6 39.Bxe4 Rxe4 40.Nxd5 Re2 41.
Rf6 Bg3 42.g5 Bh4 43.Rf5 Re6 44.Nf4 Re1+ 45.Kg2 Re7 46.Ng6 Re2+ 47.Kf3 
Rf2+ 48.Kg4 Rxf5 49.Kxf5 Be1 50.Ne5 b5 51.g6 Bd2 52.g7 1-0

[Event "25th Hoogeveen op"]
[Site "Hoogeveen NED"]
[Date "2022.10.19"]
[Round "5.17"]
[White "Mol, Christiaan"]
[Black "Van Foreest, Machteld"]
[Result "0-1"]
[WhiteElo "1961"]
[BlackElo "2118"]
[EventDate "2022.10.15"]
[PlyCount "62"]

1.d4 d5 2.c4 c6 3.cxd5 cxd5 4.Nc3 e6 5.Bf4 Bd6 6.Bxd6 Qxd6 7.Nf3 Nf6 8.e3 
O-O 9.Bd3 Nc6 10.Rc1 Bd7 11.O-O Rac8 12.a3 Rfd8 13.Qe2 Be8 14.Rfd1 Qe7 15.
Ne5 Nxe5 16.dxe5 Nd7 17.f4 f6 18.exf6 Nxf6 19.g4 d4 20.exd4 Qd6 21.Qe5 
Nxg4 22.Qxd6 Rxd6 23.Ne2 Rcd8 24.Rc7 Bc6 25.Re1 Ne3 26.Nc3 Ng2 27.Re5 Nxf4
28.Bc4 Rxd4 29.Bxe6+ Nxe6 30.Rxe6 Rf8 31.Re3 Rdf4 0-1

[Event "25th Hoogeveen op"]
[Site "Hoogeveen NED"]
[Date "2022.10.19"]
[Round "5.18"]
[White "Sevcikova, Lucia"]
[Black "Klaren, Oscar"]
[Result "1-0"]
[WhiteElo "1931"]
[BlackElo "2003"]
[EventDate "2022.10.15"]
[PlyCount "123"]

1.d4 Nf6 2.c4 c5 3.d5 e6 4.Nc3 exd5 5.cxd5 d6 6.e4 g6 7.f4 Bg7 8.Bb5+ Nfd7
9.a4 O-O 10.Nf3 Na6 11.O-O Nb4 12.Re1 a6 13.Bf1 Re8 14.Be3 b6 15.Qd2 f5 
16.exf5 gxf5 17.Bf2 Nf6 18.Bh4 Ra7 19.Bc4 h6 20.Qf2 Rae7 21.Kf1 Kh7 22.h3 
Qc7 23.Rxe7 Rxe7 24.Re1 Rxe1+ 25.Qxe1 Nc2 26.Qe2 Nd4 27.Nxd4 cxd4 28.Bxf6 
Bxf6 29.Na2 Qg7 30.Nb4 a5 31.Nd3 Bd7 32.b3 Qf7 33.Nf2 h5 34.Nd3 Kh6 35.Ne1
Qg6 36.Qf3 Qe8 37.Kf2 Qe7 38.g3 Qe4 39.Bd3 Qe7 40.h4 Qe8 41.Qe2 Qf7 42.Bc4
Qg7 43.Nf3 Kg6 44.Qd3 Kh6 45.Ng5 Qe7 46.Qe2 Qg7 47.Bb5 d3 48.Qxd3 Bd4+ 49.
Kf3 Bc8 50.Ne6 Bxe6 51.dxe6 Qb7+ 52.Ke2 Qg2+ 53.Kd1 Qg1+ 54.Kc2 Qg2+ 55.
Qe2 Qxg3 56.Bd3 Qg1 57.e7 Be3 58.Qd1 Qg2+ 59.Kb1 Qc6 60.Bxf5 Bxf4 61.Bh7 
Be5 62.Qc1+ 1-0

[Event "25th Hoogeveen op"]
[Site "Hoogeveen NED"]
[Date "2022.10.19"]
[Round "5.19"]
[White "Arabi, Osama"]
[Black "Van T Hoff, Tom"]
[Result "1-0"]
[WhiteElo "2117"]
[BlackElo "1905"]
[EventDate "2022.10.15"]
[PlyCount "129"]

1.d4 Nf6 2.c4 e6 3.Nf3 b6 4.g3 Bb7 5.Bg2 Bb4+ 6.Bd2 Qe7 7.O-O O-O 8.Qc2 
Bxd2 9.Nbxd2 d6 10.Rac1 Nbd7 11.e4 e5 12.d5 a5 13.b3 Rfc8 14.Rfd1 c6 15.
dxc6 Bxc6 16.Nh4 g6 17.Nb1 Nc5 18.Nc3 Ne6 19.Bh3 Nd4 20.Qd3 Rd8 21.Nf3 
Nxf3+ 22.Qxf3 Ne8 23.Nd5 Bxd5 24.cxd5 b5 25.Rc6 b4 26.Rdc1 Kg7 27.Rb6 Rdb8
28.Qe3 Rb7 29.Rxb7 Qxb7 30.Rc6 Qa7 31.Qb6 h5 32.Kf1 g5 33.Ke2 Qxb6 34.Rxb6
Nc7 35.Kd3 Na6 36.Rxd6 Nc5+ 37.Kc4 Nxe4 38.Rd7 Nxf2 39.Be6 Rf8 40.d6 Kf6 
41.Bd5 Ng4 42.Kc5 e4 43.Re7 e3 44.h3 Rc8+ 45.Kd4 Nh6 46.g4 hxg4 47.hxg4 
Nxg4 48.Rxf7+ Kg6 49.Re7 Kf6 50.Re4 Nh6 51.Re6+ Kg7 52.Kxe3 Rd8 53.Kd4 Ng8
54.Ke5 g4 55.Be4 Kf7 56.Bd5 Kg7 57.Kf5 Rf8+ 58.Kg5 Nf6 59.Re7+ Kh8 60.d7 
g3 61.Rf7 Nxd7 62.Rxd7 g2 63.Bxg2 Rf2 64.Bd5 Rxa2 65.Kg6 1-0

[Event "25th Hoogeveen op"]
[Site "Hoogeveen NED"]
[Date "2022.10.19"]
[Round "5.20"]
[White "Klaren, Duncan"]
[Black "Wolters, Vincent"]
[Result "1-0"]
[WhiteElo "2009"]
[BlackElo "1882"]
[EventDate "2022.10.15"]
[PlyCount "115"]

1.e4 e5 2.Nf3 Nc6 3.Bc4 Nf6 4.d3 Be7 5.Nc3 d6 6.O-O O-O 7.h3 a6 8.a4 Be6 
9.Bxe6 fxe6 10.Re1 Kh8 11.a5 Qe8 12.Ne2 Qg6 13.Ng3 h6 14.c3 Nd7 15.d4 Rab8
16.d5 exd5 17.exd5 Nd8 18.Ra4 Nf7 19.Be3 Bg5 20.Qd2 Bxe3 21.Qxe3 Nc5 22.
Rg4 Qd3 23.Nh4 g5 24.Qxd3 Nxd3 25.Ng6+ Kg7 26.Nxf8 Nxe1 27.Ne6+ Kg6 28.h4 
Nd3 29.h5+ Kf6 30.Rc4 c5 31.b4 Nf4 32.Ne4+ Ke7 33.Ng7 Nxd5 34.bxc5 dxc5 
35.Nf5+ Ke6 36.Nxc5+ Kxf5 37.g4+ Kf6 38.Nd7+ Ke6 39.Nxb8 Nd6 40.Ra4 Ke7 
41.c4 Nf6 42.c5 Nb5 43.Rc4 Kd8 44.c6 Kc7 45.Nd7 Nxd7 46.cxd7+ Kxd7 47.Rc5 
Ke6 48.Rc8 Nd6 49.Rg8 Nf7 50.Rg6+ Ke7 51.Kf1 Kd7 52.Ke2 e4 53.Rg7 Ke6 54.
Rxf7 Kxf7 55.Ke3 Ke6 56.Kxe4 Kd6 57.f4 gxf4 58.g5 1-0

[Event "25th Hoogeveen op"]
[Site "Hoogeveen NED"]
[Date "2022.10.19"]
[Round "5.21"]
[White "Huo, Da"]
[Black "Mensing, Adrian"]
[Result "0-1"]
[WhiteElo "1909"]
[BlackElo "2000"]
[EventDate "2022.10.15"]
[PlyCount "114"]

1.e4 c5 2.Nf3 d6 3.d4 cxd4 4.Nxd4 Nf6 5.Nc3 a6 6.h3 e5 7.Nde2 h5 8.g3 Be7 
9.Bg2 b5 10.Nd5 Nxd5 11.Qxd5 Ra7 12.Be3 Rb7 13.O-O O-O 14.Rfd1 Nd7 15.Qd3 
Rc7 16.Nc3 Bb7 17.Qe2 h4 18.g4 Qa8 19.Nd5 Bxd5 20.exd5 Rfc8 21.Rac1 Qb7 
22.c3 Nb6 23.Be4 Nc4 24.Bf5 Rb8 25.Bd3 Nxe3 26.Qxe3 Qb6 27.Qe4 g6 28.Kg2 
Bg5 29.Ra1 a5 30.Qe2 Qc5 31.f3 b4 32.c4 Be3 33.Qe1 Kg7 34.Qe2 Rf8 35.Re1 
Bf4 36.Rf1 Bg3 37.Rac1 f5 38.Qc2 Rcf7 39.Qe2 e4 40.Bb1 exf3+ 41.Rxf3 fxg4 
42.Rxf7+ Rxf7 43.Rf1 gxh3+ 44.Kxh3 Rxf1 45.Qxf1 Qc8+ 46.Kg2 Qg4 47.Kh1 Qd4
48.b3 Bf2 49.Qe2 Qf4 50.Bd3 h3 51.Qd1 g5 52.Be2 Be1 53.Qd3 g4 54.Bf1 Bd2 
55.Qe2 Be3 56.Qb2+ Kg8 57.Bd3 Qf3+ 0-1

[Event "25th Hoogeveen op"]
[Site "Hoogeveen NED"]
[Date "2022.10.19"]
[Round "5.22"]
[White "Snuverink, Marc"]
[Black "Boeren, Jurriaan"]
[Result "1-0"]
[WhiteElo "1776"]
[BlackElo "1987"]
[EventDate "2022.10.15"]
[PlyCount "97"]

1.e4 e5 2.Nf3 Nc6 3.Bc4 Nf6 4.Ng5 d5 5.exd5 Na5 6.Bb5+ c6 7.dxc6 bxc6 8.
Qf3 Be7 9.Bxc6+ Nxc6 10.Qxc6+ Bd7 11.Qa6 O-O 12.Nc3 Ng4 13.Nge4 f5 14.h3 
Nh6 15.Ng3 Rc8 16.Nd5 Bc5 17.d4 Bxd4 18.Bxh6 Rc6 19.Qd3 Rxh6 20.c3 Bc5 21.
b4 Bd6 22.O-O-O e4 23.Qd4 Ba4 24.Rd2 Qb8 25.Ne2 Be5 26.Qc4 Kh8 27.a3 Rc6 
28.Qa2 Rfc8 29.Kb1 Qb7 30.Nd4 Rc4 31.Ne2 g6 32.Rc1 Be8 33.Ne3 R4c7 34.Qd5 
Bg7 35.Qxb7 Rxb7 36.c4 Rf7 37.Rcd1 Bf6 38.Rd6 Be7 39.Re6 Ba4 40.Rc1 f4 41.
Nxf4 Bg5 42.Nfd5 Rxf2 43.Rxe4 Bb3 44.Rc3 Ba2+ 45.Ka1 Bh6 46.Ng4 Rxg2 47.
Nxh6 Rf8 48.Rf4 Re8 49.Re3 1-0

[Event "25th Hoogeveen op"]
[Site "Hoogeveen NED"]
[Date "2022.10.19"]
[Round "5.23"]
[White "Koes, Richard"]
[Black "Hari, Charan Sai Kalluri"]
[Result "0-1"]
[WhiteElo "1755"]
[BlackElo "1981"]
[EventDate "2022.10.15"]
[PlyCount "102"]

1.e4 c5 2.Nf3 d6 3.d4 cxd4 4.Nxd4 Nf6 5.Nc3 g6 6.Be2 Bg7 7.O-O Nc6 8.Nb3 
O-O 9.Be3 a6 10.f4 Qc7 11.Nd5 Nxd5 12.exd5 Nd8 13.c3 b5 14.Qd2 Bd7 15.Nd4 
e5 16.dxe6 fxe6 17.a4 bxa4 18.c4 Nb7 19.Rac1 Nc5 20.Rc2 Rab8 21.g4 Kh8 22.
Bf3 e5 23.f5 gxf5 24.Nxf5 Bxf5 25.gxf5 Rxf5 26.Bd5 Rxf1+ 27.Kxf1 Rf8+ 28.
Kg1 Qc8 29.Qg2 Rf6 30.Kh1 Qf8 31.Bxc5 dxc5 32.Rc1 Rf2 33.Qh3 h6 34.Rg1 Rf4
35.Qh5 Rf1 36.Qg6 Rxg1+ 37.Kxg1 Bf6 38.Kh1 Bg5 39.Kg2 a5 40.Be6 Be3 41.Bf7
Qg7 42.Qxg7+ Kxg7 43.Be8 Bd4 44.Bxa4 Bxb2 45.Kf3 Kf6 46.Ke4 Bd4 47.h3 Kg5 
48.Bb5 Kh4 49.Bc6 Kxh3 50.Kf5 h5 51.Kg5 h4 0-1

[Event "25th Hoogeveen op"]
[Site "Hoogeveen NED"]
[Date "2022.10.19"]
[Round "5.24"]
[White "Kazarjan, Gachatur"]
[Black "Goeke, Bernd"]
[Result "0-1"]
[WhiteElo "1746"]
[BlackElo "1957"]
[EventDate "2022.10.15"]
[PlyCount "76"]

1.e4 c5 2.Nf3 e6 3.c3 Ne7 4.d4 cxd4 5.cxd4 d5 6.e5 Nbc6 7.Nc3 Nf5 8.g4 Nh4
9.Nxh4 Qxh4 10.Be3 f6 11.Be2 fxe5 12.dxe5 Bb4 13.Bb5 Bd7 14.Bxc6 bxc6 15.
a3 Be7 16.Qf3 c5 17.O-O-O Bc6 18.Bd2 Rc8 19.Rhf1 Bg5 20.Qe2 Bxd2+ 21.Rxd2 
Qxh2 22.Qa6 O-O 23.f4 Qg3 24.g5 d4 25.Ne2 Qg2 26.Rg1 Qe4 27.Rf1 Rc7 28.Ng3
Qd5 29.Qa5 Rb7 30.Kb1 d3 31.Qc3 c4 32.f5 Rb3 33.Qc1 c3 34.f6 cxd2 35.Qxd2 
Rfb8 36.Nh5 Rxb2+ 37.Qxb2 Rxb2+ 38.Kxb2 Qg2+ 0-1

[Event "25th Hoogeveen op"]
[Site "Hoogeveen NED"]
[Date "2022.10.19"]
[Round "5.25"]
[White "Lootsma, Jan"]
[Black "Wage, Sander"]
[Result "1-0"]
[WhiteElo "1928"]
[BlackElo "1863"]
[EventDate "2022.10.15"]
[PlyCount "65"]

1.e4 c5 2.Nf3 Nc6 3.c3 d5 4.exd5 Qxd5 5.d4 Nf6 6.Be3 cxd4 7.cxd4 e6 8.Nc3 
Qd6 9.Qd2 Be7 10.Be2 O-O 11.O-O b6 12.a3 Bb7 13.b4 Rfd8 14.Rfd1 Rac8 15.
Rac1 h6 16.h3 Nd5 17.Nxd5 Qxd5 18.Qb2 Bf6 19.Bf1 g5 20.Rd2 Kg7 21.Rcd1 h5 
22.Ne5 Rh8 23.f4 Qe4 24.Bf2 gxf4 25.Nd7 Qd5 26.Nxf6 Kxf6 27.Be2 Ke7 28.
Bh4+ f6 29.Bf3 Qf5 30.d5 Ne5 31.d6+ Kd7 32.Bxb7 Rcg8 33.Qc3 1-0

[Event "25th Hoogeveen op"]
[Site "Hoogeveen NED"]
[Date "2022.10.19"]
[Round "5.26"]
[White "Goudriaan, Rafael"]
[Black "Kumar, Sanjit S"]
[Result "0-1"]
[WhiteElo "1654"]
[BlackElo "1923"]
[EventDate "2022.10.15"]
[PlyCount "116"]

1.d4 d5 2.Bf4 c5 3.e3 Nc6 4.c3 Nf6 5.Nd2 Bf5 6.Qb3 Qb6 7.dxc5 Qxb3 8.Nxb3 
e5 9.Bg3 Nd7 10.Nf3 f6 11.Rd1 Be6 12.Nbd2 Bxc5 13.a3 Nb6 14.b4 Be7 15.c4 
Nxc4 16.Nxc4 dxc4 17.Nd2 b5 18.Ne4 O-O 19.f4 Rfd8 20.fxe5 Rxd1+ 21.Kxd1 
Rd8+ 22.Kc1 Nxe5 23.Bxe5 fxe5 24.Be2 a5 25.Nc3 axb4 26.axb4 Bxb4 27.Nxb5 
Bd2+ 28.Kc2 Bxe3 29.Bf3 Bf5+ 30.Kc3 Bd2+ 31.Kxc4 Bd3+ 32.Kc5 e4 33.Bg4 e3 
34.Nd4 Rf8 35.Be6+ Kh8 36.Nf3 Be2 37.Bd5 Bxf3 38.Bxf3 Rxf3 39.gxf3 e2 40.
Rb1 h6 41.Kd5 e1=Q 42.Rxe1 Bxe1 43.Ke6 Bc3 44.h4 g5 45.Kf5 Bd2 46.Ke4 Kg7 
47.Kd3 Bf4 48.Ke4 Kf6 49.Kd3 Ke5 50.Ke2 Bc1 51.Kf2 Kf4 52.Kg2 Be3 53.h5 
Bd4 54.Kh3 Kxf3 55.Kh2 g4 56.Kh1 Be5 57.Kg1 g3 58.Kh1 g2+ 0-1

[Event "25th Hoogeveen op"]
[Site "Hoogeveen NED"]
[Date "2022.10.19"]
[Round "5.27"]
[White "Bollaart, Jeroen"]
[Black "Avis, Fred"]
[Result "1-0"]
[WhiteElo "1937"]
[BlackElo "1759"]
[EventDate "2022.10.15"]
[PlyCount "123"]

1.e4 e5 2.f4 exf4 3.Nf3 Be7 4.Bc4 Nf6 5.e5 Ng4 6.Nc3 c6 7.d4 g5 8.O-O O-O 
9.Ne4 Nh6 10.Nfxg5 d5 11.exd6 Bxg5 12.Qh5 Kg7 13.Qxg5+ Qxg5 14.Nxg5 Nf5 
15.Bxf4 h6 16.Nf3 Rd8 17.Rae1 b5 18.Bb3 a5 19.a3 Na6 20.g4 Nxd6 21.Bxd6 
Rxd6 22.Ne5 Ra7 23.Bxf7 Rxd4 24.Bh5 Rc7 25.h3 Nc5 26.Nxc6 Rd2 27.Re7+ Rxe7
28.Nxe7 Be6 29.Nf5+ Kh7 30.Ne3 Ne4 31.Bf7 Bd7 32.Bd5 Ng5 33.Bg2 Kg8 34.h4 
Ne6 35.Bd5 Kg7 36.Nf5+ Kh7 37.Ne7 Kg7 38.Rf2 Rd1+ 39.Kh2 Nd8 40.g5 hxg5 
41.hxg5 Re1 42.Nf5+ Kg6 43.Nh4+ Kg7 44.Nf3 Re3 45.Kg3 Re8 46.c4 bxc4 47.
Bxc4 Bc6 48.Nd4 Bb7 49.Re2 Rxe2 50.Nxe2 Kg6 51.Kf4 Bc6 52.Nd4 Bd7 53.Nb3 
a4 54.Nc5 Bc6 55.Bd3+ Kg7 56.Bc2 Nf7 57.Bxa4 Bd5 58.Bc2 Bc6 59.Ne6+ Kh8 
60.g6 Nd6 61.Kg5 Nc4 62.Kh6 1-0

[Event "25th Hoogeveen op"]
[Site "Hoogeveen NED"]
[Date "2022.10.19"]
[Round "5.28"]
[White "Godding, Mick"]
[Black "Van Houwelingen, Leo"]
[Result "1/2-1/2"]
[WhiteElo "1831"]
[BlackElo "2003"]
[EventDate "2022.10.15"]
[PlyCount "141"]

1.e4 g6 2.d4 Bg7 3.f4 d6 4.c3 Nf6 5.Bd3 O-O 6.Nf3 c5 7.O-O Qb6 8.Qb3 Qxb3 
9.axb3 cxd4 10.Nxd4 Nbd7 11.b4 Rd8 12.Nb5 a6 13.Nc7 Rb8 14.Be3 Ne8 15.Nd5 
e6 16.Nb6 Nc7 17.Nd2 d5 18.exd5 Nxd5 19.Nxd5 exd5 20.f5 Ne5 21.Bf4 Bd7 22.
fxg6 hxg6 23.Bc2 Rbc8 24.Bg5 Re8 25.Bb3 Nc4 26.Bxc4 dxc4 27.Rae1 Bf5 28.
Kf2 f6 29.Be3 Bd3 30.Rg1 Kf7 31.Nf3 Rh8 32.Bc5 Rc7 33.Bd4 Rh5 34.Rd1 a5 
35.bxa5 Rb5 36.Rd2 Bh6 37.Be3 Bxe3+ 38.Kxe3 Rxa5 39.b4 Ra3 40.Rc1 Re7+ 41.
Kf2 g5 42.Nd4 Re5 43.Nf3 Re4 44.g3 Kg6 45.Ne1 f5 46.Nxd3 cxd3 47.h3 f4 48.
gxf4 gxf4 49.Kf3 Re3+ 50.Kxf4 Rxh3 51.Ke4 Ra6 52.Rg1+ Kf7 53.Rf2+ Rf6 54.
Rxf6+ Kxf6 55.Rd1 Ke6 56.Rxd3 Rh4+ 57.Ke3 Rc4 58.Kd2 Rc7 59.Rd8 Ke7 60.Rd4
Ke6 61.c4 Rh7 62.c5 Rh3 63.Rd6+ Ke5 64.Rd7 b6 65.cxb6 Rb3 66.Rd8 Rxb4 67.
Rb8 Kd6 68.Kc3 Rb1 69.Kc4 Kc6 70.Rc8+ Kb7 71.Rh8 1/2-1/2

[Event "25th Hoogeveen op"]
[Site "Hoogeveen NED"]
[Date "2022.10.19"]
[Round "5.29"]
[White "Spaans, Leo"]
[Black "Ten Ham, John"]
[Result "1/2-1/2"]
[WhiteElo "1791"]
[BlackElo "1910"]
[EventDate "2022.10.15"]
[PlyCount "83"]

1.e4 c5 2.Nf3 d6 3.d4 cxd4 4.Nxd4 Nf6 5.Nc3 a6 6.Bg5 e6 7.f4 Be7 8.Qf3 Qc7
9.O-O-O Nc6 10.Kb1 O-O 11.g4 Nxd4 12.Rxd4 b5 13.a3 Bb7 14.Bg2 Rac8 15.Qe2 
h6 16.Bxf6 Bxf6 17.Rd3 Qb6 18.Nd1 Rc4 19.h4 Rfc8 20.c3 d5 21.exd5 Bxd5 22.
Bxd5 exd5 23.g5 Re4 24.Qg4 Rce8 25.gxf6 Qxf6 26.Rf1 d4 27.Qd7 dxc3 28.Nxc3
Re1+ 29.Rxe1 Rxe1+ 30.Rd1 Rxd1+ 31.Qxd1 Qxh4 32.Qd6 Qe1+ 33.Kc2 Qf2+ 34.
Kb3 h5 35.Nd5 g6 36.Qd8+ Kh7 37.Qd6 h4 38.Nf6+ Kg7 39.Nd7 Kh7 40.Nf6+ Kg7 
41.Ne8+ Kg8 42.Nf6+ 1/2-1/2

[Event "25th Hoogeveen op"]
[Site "Hoogeveen NED"]
[Date "2022.10.19"]
[Round "5.30"]
[White "Van der Vegt, Seth"]
[Black "Valiente, Paulo"]
[Result "0-1"]
[WhiteElo "1900"]
[BlackElo "1819"]
[EventDate "2022.10.15"]
[PlyCount "110"]

1.c4 Nf6 2.g3 g6 3.Bg2 Bg7 4.Nc3 O-O 5.d4 d6 6.e4 c5 7.d5 a6 8.a4 Nbd7 9.
Nge2 Rb8 10.O-O Ne8 11.Bg5 Nc7 12.a5 b5 13.axb6 Rxb6 14.Qc2 Re8 15.Ra2 Rb8
16.h4 Ne5 17.b3 h5 18.f3 Na8 19.Rb1 Qc7 20.Bd2 Nb6 21.Nd1 Nbd7 22.Nf2 Nf6 
23.Bc3 Nfd7 24.f4 Ng4 25.Nxg4 hxg4 26.Kf2 Qb6 27.Bxg7 Kxg7 28.Nc1 Nf6 29.
Nd3 Nh5 30.Qc3+ Kg8 31.Bf1 e6 32.Re2 exd5 33.exd5 Bf5 34.Rxe8+ Rxe8 35.Re1
Rxe1 36.Nxe1 a5 37.Be2 Qa7 38.Ng2 a4 39.bxa4 Qxa4 40.Ne3 Bd7 41.Bxg4 Qa2+ 
42.Kf3 Bxg4+ 43.Nxg4 f5 44.Nf2 Qb1 45.Qd3 Qg1 46.Ke2 Nxg3+ 47.Kf3 Nh5 48.
Qe3 Qg3+ 49.Ke2 Nxf4+ 50.Kd2 Qxe3+ 51.Kxe3 Ng2+ 52.Kf3 Nxh4+ 53.Kf4 Kf7 
54.Nh3 Kf6 55.Ke3 g5 0-1

[Event "25th Hoogeveen op"]
[Site "Hoogeveen NED"]
[Date "2022.10.19"]
[Round "5.31"]
[White "Cuyvers, Jens"]
[Black "Nijdam, Brian"]
[Result "1/2-1/2"]
[WhiteElo "1765"]
[BlackElo "1877"]
[EventDate "2022.10.15"]
[PlyCount "108"]

1.d4 Nf6 2.c4 g6 3.Nc3 Bg7 4.e4 d6 5.f4 c5 6.d5 e6 7.Nf3 exd5 8.cxd5 O-O 
9.Be2 Re8 10.Nd2 h5 11.h3 Na6 12.O-O Nc7 13.a4 Rb8 14.Bf3 a6 15.a5 Nb5 16.
Nxb5 axb5 17.Qb3 Bd7 18.f5 gxf5 19.exf5 h4 20.Bg4 Qe7 21.Nf3 Qe4 22.Re1 
Qxd5 23.Rxe8+ Rxe8 24.Qxd5 Nxd5 25.Nxh4 Bd4+ 26.Kh2 Re1 27.Nf3 Be5+ 28.
Nxe5 dxe5 29.b3 Ne3 30.Bb2 Nxg4+ 31.hxg4 Re2 32.Bc3 Bc6 33.a6 bxa6 34.Rxa6
Bxg2 35.Kg1 Bd5 36.Kf1 Re3 37.Bb2 c4 38.Kf2 Rf3+ 39.Ke2 c3 40.Bc1 Rh3 41.
Rh6 Rg3 42.Bg5 Kg7 43.Rd6 Rg2+ 44.Kf1 c2 45.Rxd5 Rxg4 46.Bd2 Rh4 47.Rc5 
Kf6 48.Rxc2 Kxf5 49.Rc5 Ke4 50.Kg2 Kd3 51.Rxe5 Kxd2 52.Rxb5 Kc3 53.Rf5 
Kxb3 54.Rxf7 Rc4 1/2-1/2

[Event "25th Hoogeveen op"]
[Site "Hoogeveen NED"]
[Date "2022.10.19"]
[Round "5.32"]
[White "Krylov, Philippe"]
[Black "Pouw, Marcel"]
[Result "1/2-1/2"]
[WhiteElo "1609"]
[BlackElo "1862"]
[EventDate "2022.10.15"]
[PlyCount "132"]

1.d4 d5 2.c4 Nc6 3.Nc3 Nf6 4.Nf3 dxc4 5.e4 Bg4 6.Be3 e6 7.Bxc4 Bb4 8.Qc2 
O-O 9.Rd1 Qe7 10.Be2 Bxf3 11.gxf3 e5 12.d5 Nd4 13.Bxd4 exd4 14.Rxd4 c6 15.
dxc6 bxc6 16.Rg1 Nh5 17.Qd2 Rad8 18.Rxd8 Rxd8 19.Qh6 Qe5 20.Qg5 Qxg5 21.
Rxg5 g6 22.a3 Bd6 23.Ra5 Rd7 24.e5 Bb8 25.Ne4 Re7 26.Nd6 Nf4 27.Nc4 f6 28.
Rc5 Kf8 29.Rxc6 Bxe5 30.Nxe5 Kg7 31.Rc4 fxe5 32.b4 Kf6 33.a4 Rd7 34.b5 Ke6
35.a5 Kd5 36.Rb4 Kc5 37.Rc4+ Kd5 38.Rb4 Rb7 39.b6 axb6 40.Ba6 Rb8 41.axb6 
Kc5 42.Rb5+ Kc6 43.Rxe5 Rxb6 44.Re4 g5 45.Be2 Rb1+ 46.Bd1 Rb2 47.Rc4+ Kd5 
48.Rc2 Rb6 49.Kf1 Rh6 50.Kg1 Kd4 51.Be2 Rb6 52.Bf1 Rb1 53.Rc7 h6 54.Rh7 h5
55.Rg7 Rc1 56.Rg8 h4 57.Re8 Rc3 58.Re4+ Kd5 59.Re1 h3 60.Ba6 Kc6 61.Kf1 
Rxf3 62.Re3 Rxe3 63.fxe3 Nd5 64.Kf2 Kd6 65.Bc8 Ke5 66.Bxh3 Nxe3 1/2-1/2

[Event "25th Hoogeveen op"]
[Site "Hoogeveen NED"]
[Date "2022.10.19"]
[Round "5.33"]
[White "Bommel, Peter"]
[Black "Van Foreest, Nanne"]
[Result "1/2-1/2"]
[WhiteElo "1550"]
[BlackElo "1856"]
[EventDate "2022.10.15"]
[PlyCount "52"]

1.d4 d5 2.c4 e6 3.Nc3 Nf6 4.cxd5 exd5 5.Bg5 Be7 6.e3 c6 7.Bd3 O-O 8.Qc2 h6
9.Bh4 b6 10.Nf3 Bb7 11.Ne5 Nbd7 12.Nxd7 Nxd7 13.Bg3 Rc8 14.O-O c5 15.Qe2 
Re8 16.Qg4 Nf6 17.Qf5 Bc6 18.Be5 Bd7 19.Qf3 Be6 20.Ba6 Ra8 21.Bb7 Qd7 22.
Bxa8 Bg4 23.Qg3 Nh5 24.Bc6 Qc8 25.Bb7 Qd7 26.Bc6 Qc8 1/2-1/2